000 01062cas a2200289 a 4500
003 BD-DhEWU
005 20160522100425.0
008 940315c19899999bg fr p g f0 0eng
022 _a1813-5099
035 _a(OCoLC)ocm29969403
037 _bEditorial Office, Room No. 110, Science Annexe Building, Dhaka University, Dhaka 1000
040 _aDLC
_beng
_cDLC
_dNIC
_dMH
_dOCoLC
_dDLC
_dOCoLC
_dBD-DhEWU
082 0 4 _a340.05095492
_aDHA
245 0 4 _aDhaka University Law Journal ;
_nThe Dhaka University studies Part-F /
246 1 8 _aJournal of the Faculty of Law, Dhaka University
260 _aDhaka :
_bThe University,
_c1989-
300 _av. ;
_c24 cm.
310 _aSemiannual,
_bJune 2005-
321 _aAnnnual,
_bJune 1989-2004
362 0 _aVol. 1, no. 1 (June 1989)-
515 _aEach vol. consists of one issue, called no. 1.
515 _aNone issued for 1990.
590 _aSERBIB/SERLOC merged record
650 0 _aLaw
_zBangladesh
_vPeriodicals.
_920212
710 2 _aUniversity of Dhaka.
_bFaculty of Law.
_920213
942 _2ddc
_cSERIAL
999 _c7972
_d7972